000 00723nam a2200289Ia 4500
005 20260324134020.0
008 008 260324s9999 xx 000 0 eng d
020 _a9780203749197
037 _aEBOOK
040 _aCRL
040 _beng
040 _cCRL
041 _2eng
041 _aeng
084 _qCRL
100 _aJ. Rybar
_91195255
245 0 _aLandslides
245 0 _bProceedings of the First European Conference on Landslides, Prague, Czech Republic, 24-26 June 2002
260 _bTaylor and Francis
260 _c2002
365 _a
365 _b840
856 _uhttp://www.taylorfrancis.com/books/9780203749197
942 _cEBOOK
999 _c1794885
_d1794885